Statistiques concernant Table d'addition aléatoire 4x4 (partie 1)

Cliquez ici pour prendre le quiz!

Statistiques générales

  • Ce quiz a été pris 513 fois
  • Le résultat moyen est 13 sur 16

Statistiques - réponses

Réponse% Correct
28
100%
35
99%
47
99%
37
98%
44
98%
53
98%
56
97%
62
97%
55
83%
62
79%
74
72%
80
71%
64
65%
71
57%
83
45%
89
41%

Distribution des résultats

Percentile par nombre de réponses

% des personnes avec chaque résultat

Votre développement - résultats

Vous n’avez pas pris ce quiz